Mis manos son tu superficie : (Registro nro. 13400)

Detalles MARC
000 -LIDER
fixed length control field 00814nam a22002417a 4500
003 - IDENTIFICACDOR DE NÚMERO DE CONTROL
control field DO-SdBNP
005 - DATE AND TIME OF LATEST TRANSACTION
control field 20210721083246.0
008 - ELEMENTOS DE LONGITUD FIJA
fixed length control field 2018 / dr. ||||spa d
020 ## - ISBN
International Standard Book Number 9789945503203
040 ## - FUENTE DE CATALOGACIÓN
Agencia que crea de manera original el registro BPMSU
Idioma de catalogación spa
Agencia que realiza la transcripción BPMSU
082 ## - NÚMERO DE CLASIFICACIÓN DECIMAL DE DEWEY
Classification number G863.08
Item number M678m
Edition number 22
245 ## - MENCIÓN DE TITULO
Título Mis manos son tu superficie :
Subtítulo antología de narrativa guatemalteca /
Mención de responsabilidad Selección y notas de Francisco Morales Santos.
260 ## - PUBLICACIÓN, DISTRIBUCIÓN, ETC. (PIE DE IMPRENTA)
Lugar de publicación, distribución, etc Santo Domingo :
Nombre del editor, distribuidor, etc. Editora Nacional,
Fecha de publicación, distribución, etc 2018.
300 ## - DESCRIPCIÓN FÍSICA
Extensión 449 p. ,
Dimensiones 23 cm.
490 0# - MENCIÓN DE SERIES
Mención de serie Homenaje ;
-- Narrativa
500 ## - NOTA GENERAL
Nota general Incluyes datos biográficos del autor en la solapa de la cubierta.
590 ## - NOTA LOCAL
Enlace Inventariado, 2021/VM
650 #4 - ENCABEZAMIENTO DE MATERIA--TEMÁTICO
Término temático o nombre geográfico como elemento de entrada Novela guatemalteca
650 #4 - ENCABEZAMIENTO DE MATERIA--TEMÁTICO
Término temático o nombre geográfico como elemento de entrada Novela guatemalteca
700 1# - ASIENTO SECUNDARIO -- NOMBRE PERSONAL
Nombre personal Morales Santos, Francisco
Fechas asociadas con el nombre 1948-
910 ## - VALIDACIÓN
Validación MCabrera./VMateo V.
942 ## - ADDED ENTRY ELEMENTS (KOHA)
Source of classification or shelving scheme Dewey Decimal Classification
Koha item type Libros
Existencias
Withdrawn status Lost status Source of classification or shelving scheme Damaged status Not for loan Collection code Home library Current library Date acquired Source of acquisition Full call number Barcode Date last seen Price effective from Koha item type
    Dewey Decimal Classification     Colección Dominicana Biblioteca Pública Metropolitana Salomé Ureña Biblioteca Pública Metropolitana Salomé Ureña 03/17/2021 Editora Búho BPMSU CD G863.08 M678m 2018 BPMSU21030044 03/17/2021 03/17/2021 Libros